000 00701nam a2200169 4500
999 _c2813
_d2813
020 _a8176113956
022 _a9788176113953
050 _bHG4026
100 _aN.P. Agarwal
245 _aAdvanced financial management
_cN.P. Agarwal & B.K. Mishra
260 _aIndia
_bRBSA Publishers
300 _a298p
_billus, 23cm
505 _aIntroduction 1 Time value of money 23-54 Analysis of leverages 55-786 Cost volume profit analysis 77-170 Working capital management 171-201 Project financing anf financial institutions 218-260 Cost of capital 261-283 Dividend policy 284-298 Mathematical tables i-vii
650 _aFinancial management
700 _a B.K. Mishra
942 _cBK